000 01257nam0a2200373 4500
001 RU\NLR\bibl\266649
005 20260406131958.0
010 _a5-04-003091-6
_95000
021 _aRU
_b2001-63967
_93113
035 _a(NLR Aleph) 000262219
090 _a1531927
_c1531927
100 _a20020517d2001 |||y0rusy50 ca
101 0 _arus
102 _aRU
105 _aa |||||||||
200 1 _aМессия очищает диск
_e[Роман]
_fГенри Лайон Олди
_g[Ил. С. Цылова]
210 _aМ.
_cЭКСМО-Пресс
_d2001
215 _a470,[1] с.
_cил.
_d21
225 1 _aСерия "Нить времен"
320 _aНа 2-й с. др. произведения авт.
610 0 _aФантастические романы и рассказы (х. л.)
675 _a821.161.1-31Олди
_v3
_zrus
686 _a17.82
_2rugasnti
686 _a84(2Рос=Рус)6-44
_2rubbk
686 2 _aШ6(2=Р)6-4
700 1 _4070
_7ca
_8rus
_aОлди
_bГ. Л.
_gГенри Лайон
_9111682
_3RU\NLR\auth\771662
801 0 _aRU
_bRKP
_c20020517
_gPSBO
801 1 _aRU
_bRKP
_c20020517
801 2 _aRU
_bNLR
_c20020628
_grcr
942 _cBOOK
980 _aNB